Guess the language-multiple choice - Statistics

General Stats
  • This quiz has been taken 31 times
  • The average score is 7 of 17
Answer Stats
Question Answer % Correct
Mae'r llwynog brown cyflym yn neidio dros y ci diog Welsh
86%
Xezalê qehweyî yê bilez di ser kûçikê tembel re baz dide. Kurdish
62%
Rychlá hnědá liška přeskakuje líného psa. Czech
55%
Тез күрөң түлкү жалкоо иттин үстүнөн секирет. Kyrgyz
52%
Die vinnige bruin jakkals spring oor die lui hond. Afrikaans
48%
Sürətli qəhvəyi tülkü tənbəl itin üstündən tullanır. Azerbaijani
48%
Utqaylla q’illu atuqqa qilla allqu patapi saltan. Quechua
45%
Kwikpela braunpela pukpuk i kalap antap long les dok. Tok Pisin
34%
Tann skjóti brúni revurin hoppar yvir dovna hundin . Faroese
31%
ໝາແມວສີນ້ຳຕານໄວໂດດຂ້າມໝາຂີ້ຄ້ານ. Lao
31%
Impungutye emdaka ngokukhawuleza itsibela phezu kwenja eyonqenayo. Xhosa
31%
Renard maron rapid-la sot lor lisien pares-la. Mauritian Creole
28%
روباه قهوه ای سریع از روی سگ تنبل می پرد. Persian
28%
ʻOku puna ʻa e fōkisi lanu engeenga vave ʻi he kuli paié. Samoan
28%
छिटो खैरो फ्याक्स अल्छी कुकुरमाथि उफ्रन्छ। Bengali
24%
མགྱོགས་དྲགས་རྒྱ་སྨུག་གི་བྱི་ལི་འདི་གིས་ རོ་ཁྱི་སྒྱིད་ལུག་གུ་ལས་མཆོངམ་ཨིན།. Dzongkha
21%
Musang coklat yang cepat melompat ke atas anjing yang malas itu. Malay
14%
No matching quizzes found
Score Distribution
Percent of People with Each Score
Percentile by Number Answered
Your Score History
You have not taken this quiz